000 00452nam a2200181Ia 4500
005 20250508160921.0
008 008 250505s9999 xx 000 0 eng d
037 _aTextual
040 _aFEDL
_beng
_cFEDL
041 _aeng
_2eng
084 _a826, DEA
_qFEDL
100 _aDeakin Brian
_9769740
245 0 _aLetter writing in english
260 _c1972
300 _a254p.
942 _cTEXL
_h826, DEA
999 _c1367378
_d1367378